000 00484cam a2200157u 4500
082 _a525
_bDRA
100 1 _aDrayson, Alfred W.
_950096
245 1 0 _aThirty thousand years of the earth's past history,
260 _aLondon,
_bChapman and Hall,
_c1888.
300 _axvi, 146 p.
_bdiagrs.
_c20 cm.
526 _a0
_b0
_c0
_d525_000000000000000_DRA
650 0 _aGeological time.
_950097
650 0 _aMCE
_9379
650 0 _aPaleoclimatology. [from old catalog]
_950098
942 _2ddc
_cBK
999 _c552842
_d552842